Le Mozambique pour les touristes... - Statistiques

Statistiques générales
  • Ce quiz a été pris 2 fois
  • Le résultat moyen est 9 sur 20
Statistiques - réponses
Question Indice Réponses % Correct
Dans la capitale quel est le décalage horaire avec Paris ? (+ ou - et chiffre) ex - 10 ou + 3,5 0
100%
La religion majoritaire est Christianisme
100%
Ce pays est plus grand que la France (oui/non) Oui
100%
Quelle est la langue officielle ? Portugais
100%
Quel est le régime du pays ? R République
100%
Quel est le climat local ? T Tropical
100%
Achats à faire 3/ Boisson chaude Café
50%
Achats à faire 4/Huile de Coco
50%
Le principal aéroport est M Maputo
50%
Quelle est la monnaie ? Metical
50%
Le suffixe internet est mz
50%
Quel pays a accordé son indépendance à celui-ci ? Portugal
50%
Quelles sont les principaux lieux touristiques ? B Archipel de {Bazaruto}
0%
Achats à faire 1/ Tissu local Capulana
0%
Achats à faire 2/ Produits de beauté Cosmétiques
0%
Quelles sont les principaux lieux touristiques ? M Ile de {Mozambique}
0%
Quelles sont les principaux lieux touristiques ? Q Iles {Quirimbas}
0%
Code sur les plaques minéralogiques MOC
0%
Quelles sont les principaux lieux touristiques ? I Port de {Inhambane}
0%
Quelles sont les principaux lieux touristiques ? B Ville de {Beira}
0%
Aucun quiz correspondant
Distribution des résultats
% des personnes avec chaque résultat
Percentile par nombre de réponses
Votre historique - résultats
Vous n’avez pas pris ce quiz